Stemmi Squadre di calcio dal dettaglio - Quiz n°9 - Statistics

Statistiche generali
  • Questo quiz è stato fatto 6 volte
  • Il punteggio medio è 7 su 10
Statistiche sulle risposte
con Immagini Risposta % Corretto
ChievoVerona
100%
AZ Alkmaar
83%
Fulham
83%
Porto
83%
Real Sociedad
83%
Alavés
67%
Maccabi Haifa
67%
Tigres UANL
67%
Slovan Liberec
17%
Banfield
0%
Nessun quiz corrispondente trovato
Distribuzione punteggi
Percentuale di utenti per punteggio
Percentile per numero di risposta
I tuoi punteggi nel tempo
Non hai fatto questo quiz